000 00582nam a22002297a 4500
003 UA-OsUOA
001 49146
007 ta
008 20070924b un ||||| |||| 00| 0 ukr d
100 _aSaroyan W.
090 _a821.111
_bС20
942 _cBK
040 _aUA-OsUOA
_bukr
_cUA-OsUOA
_dUA-OsUOA
245 _aSelected short stories
300 _a463 с.
955 _a3
041 _aukr
080 _a821.111
260 _aМ.
_bПрогрес паблішерс
_c1975
650 7 _a82 Література. Літературознавство
_2UDC
999 _c335254
_d335254